[Event "WCC"]
[Site "Khanty Mansyisk RUS"]
[Date "2005.12.07"]
[Round "4.2"]
[White "Kamsky,G"]
[Black "Grischuk,A"]
[Result "1/2-1/2"]
[WhiteElo "2690"]
[BlackElo "2720"]
[EventDate "2005.11.27"]

1. e4 e5 2. Nf3 Nc6 3. Bb5 a6 4. Ba4 Nf6 5. O-O Be7 6. Re1 b5 7. Bb3 O-O 8.
d4 d6 9. c3 Bg4 10. d5 Na5 11. Bc2 c6 12. h3 Bc8 13. dxc6 Qc7 14. Nbd2 Qxc6
15. Nf1 Be6 16. Ng3 Rfe8 17. Nh4 d5 18. exd5 Bxd5 19. Rxe5 Nc4 20. Re2 Bc5
21. a4 Rad8 22. axb5 axb5 23. Rxe8+ Qxe8 24. Bg5 h6 25. Bxf6 Bxf2+ 26. Kxf2
Qe3+ 27. Kf1 Nd2+ 28. Qxd2 Qxd2 29. Bxd8 Qxc2 30. Kg1 Qxb2 31. Rd1 Bb3 32.
Rd4 Qxc3 33. Nf3 Qa1+ 34. Kh2 Bd1 35. Rd3 b4 36. Bb6 b3 37. Bd4 Qc1 38. Ng1
Bc2 39. N1e2 b2 40. Rc3 b1=Q 41. Nxc1 Qxc1 42. Rc8+ Kh7 43. Be5 f6 44. Bb8
Qd1 45. Rc5 Bg6 46. Rc3 Bf7 47. Rf3 Qc2 48. Nf5 Bh5 49. Rf1 Bg6 50. Ng3 Bd3
51. Rf3 Ba6 52. Ba7 Bb7 53. Rf2 Qc3 54. Bb8 Qd4 55. Re2 Ba6 56. Ra2 Bc4 57.
Rc2 Bd3 58. Rd2 Qc3 59. Rf2 Qb4 60. Bf4 Qd4 61. Rf3 g5 62. Be3 Qd6 63. Bc5
Qxc5 64. Rxd3 f5 65. Rf3 f4 66. Ne4 Qf5 67. Nf2 h5 68. g3 fxg3+ 69. Kxg3
Qe5+ 70. Kg2 Qd5 71. Kg3 Qe5+ 1/2-1/2